000 00305nam a2200133Ia 4500
008 190216s9999||||xx |||||||||||||| ||und||
100 _aSundharan. K.P.M
245 0 _aEconomic Theory
250 _a6th Ed.
260 _bRatan Prakashan Mandir
_c1983
300 _a655
650 _aEconomics
942 _cBK
999 _c9738
_d9738